Sant Sahitya : (Record no. 1430394)

MARC details
000 -LEADER
fixed length control field 00589nam a2200193Ia 4500
005 - DATE AND TIME OF LATEST TRANSACTION
control field 20250730100227.0
008 - FIXED-LENGTH DATA ELEMENTS--GENERAL INFORMATION
fixed length control field 008 250516s9999 xx 000 0 hin d
020 ## - INTERNATIONAL STANDARD BOOK NUMBER
International Standard Book Number 9788197264726
040 ## - CATALOGING SOURCE
Language of cataloging eng
Transcribing agency SDCL
041 ## - LANGUAGE CODE
Language code of text/sound track or separate title hin
Source of code hin
084 ## - COLON CLASSIFICATION NUMBER
Classification number O152,1(Δ73):g R4
245 #0 - TITLE STATEMENT
Title Sant Sahitya :
Remainder of title Vichar Aur Vishleshan
246 ## - VARYING FORM OF TITLE
Title proper/short title संत साहित्य :
Remainder of title विचार और साहित्य
260 ## - PUBLICATION, DISTRIBUTION, ETC.
Place of publication, distribution, etc. New Delhi :
Name of publisher, distributor, etc. Samkaleen Prakashan,
Date of publication, distribution, etc. 2024.
300 ## - PHYSICAL DESCRIPTION
Extent 223p.
650 ## - SUBJECT ADDED ENTRY--TOPICAL TERM
Topical term or geographic name entry element Hindi
700 ## - ADDED ENTRY--PERSONAL NAME
Personal name Mehra, Yashoda Ed.
942 ## - ADDED ENTRY ELEMENTS (KOHA)
Koha item type Textual
Source of classification or shelving scheme Colon Classification (CC)
650 ## - SUBJECT ADDED ENTRY--TOPICAL TERM
-- 816897
700 ## - ADDED ENTRY--PERSONAL NAME
-- 816898
999 ## -
-- 1430394
-- 1430394
Holdings
Withdrawn status Lost status Damaged status Not for loan Home library Current library Date acquired Source of acquisition Inventory number Total checkouts Full call number Barcode Date last seen Price effective from Koha item type
        South Campus Library South Campus Library 2025-05-22 Nayee Kitab Prakashan NKP-1443, 18/02/2025   O152,1(Delta73):g, R4 SC1808980 2025-05-22 2025-05-22 Textual
Copyright @ Delhi University Library System